Luck - Sudden death - Statistics

General Stats
  • This quiz has been taken 219 times
  • The average score is 2 of 6
Answers on the Grid
Answers color-coded by a green-red scale on the quiz's grid according to % correct below.
Pick me
Pick me
Pick me
Pick me
Pick me
Pick me
Pick me
Pick me
Pick me
Pick me
Pick me
Pick me
 
Answer Stats
Answer % Correct
Pick me
54%
Pick me
51%
Pick me
36%
Pick me
35%
Pick me
22%
Pick me
17%
No matching quizzes found
Score Distribution
Percent of People with Each Score
Percentile by Number Answered
Your Score History
You have not taken this quiz